000
00331nam a2200145 a 4500
008
971212s1966||||xx 0 und c
040
_a
SNK
_b
slo
_c
SNK
_e
AACR2
100
1
_a
Feuchtwanger, Lion
245
1
0
_a
NepravĂ˝ Nero
260
_a
Praha
_b
Svoboda
_c
1966
300
_a
356 s.
020
_c
18,50
044
_a
CZ
041
_a
cze
999
_c
10640
_d
10640